|
|
|
|
| LEADER |
00000nmm0a2200000 4500 |
| 001 |
109230 |
| 005 |
20231031115941.0 |
| 010 |
|
|
|a 5895130232
|
| 035 |
|
|
|a (RuTPU)RU\TPU\book\117909
|
| 090 |
|
|
|a 109230
|
| 100 |
|
|
|a 20070201d2006 m y0rusy50 ca
|
| 101 |
0 |
|
|a rus
|
| 102 |
|
|
|a RU
|
| 105 |
|
|
|a a z 001zy
|
| 200 |
1 |
|
|a Космическая среда вокруг нас. Введение в исследования околоземного космического пространства: книга для чтения за столом и на компьютере
|f Н. Будько [и др.]
|g Российская академия наук; Сибирский институт земного магнетизма, ионосферы и распространения радиоволн; под ред. А. Н. Зайцева
|
| 210 |
|
|
|a Троицк
|c Изд-во Тровант
|d 2006
|
| 215 |
|
|
|a 232 с.
|c ил.
|e Приложение: CD-ROM
|
| 320 |
|
|
|a Библиография в конце глав.
|
| 320 |
|
|
|a Толковый словарь терминов по СЗФ: с. 198-218.
|
| 330 |
|
|
|a В предлагаемом издании (книга и CD-ROM) отражены некоторые достижения солнечно-земной физики на основе опыта работы ведущих сотрудников ИЗМИРАН. Издание рассчитано на студентов и учащихся старших классов, владеющих основами информатики и проявляющими интерес к космической физике и склонность к исследованиям. Главная задача такого издания - приобщить молодежь к самым современным знаниям о космосе с использованием новейших информационных технологий, доступных по сети Интернет. Электронная версия издания «О солнечно-земной физике юным и молодым» имеется в сети, см. <http://top.izmiran.rssi.ru/~children/>. Книга может быть использована в качестве исходных материалов для программ дополнительного образования на уровне средней школы. В качестве предметной области выбрана солнечно-земная (космическая) физика, известная многим по проявлениям космической погоды: магнитные бури, полярные сияния, возмущения ионосферы, солнечная активность и т.д. Работа выполнена в рамках гранта РФФИ № 04-07-97212 на разработку контента и использование современных информационных технологий в качестве основы программы дополнительного (предметного) образования по направлению «Космическая физика средствами Интернет». Издание книги осуществлено по гранту РФФИ 05-02-30035.
|
| 610 |
1 |
|
|a солнечно-земная физика
|
| 610 |
1 |
|
|a космическая среда
|
| 610 |
1 |
|
|a Земля
|
| 610 |
1 |
|
|a Солнце
|
| 610 |
1 |
|
|a научные достижения
|
| 610 |
1 |
|
|a солнечно-земные связи
|
| 610 |
1 |
|
|a ионосферные бури
|
| 610 |
1 |
|
|a солнечный ветер
|
| 610 |
1 |
|
|a волны
|
| 610 |
1 |
|
|a околоземная плазма
|
| 610 |
1 |
|
|a магнитное поле
|
| 610 |
1 |
|
|a информационные ресурсы
|
| 610 |
1 |
|
|a CD-ROM
|
| 610 |
1 |
|
|a ИЗМИРАР
|
| 610 |
1 |
|
|a космическая физика
|
| 610 |
1 |
|
|a магнитные бури
|
| 610 |
1 |
|
|a полярные сияния
|
| 610 |
1 |
|
|a солнечная активность
|
| 610 |
1 |
|
|a возмущения
|
| 610 |
1 |
|
|a ионосфера
|
| 675 |
|
|
|a 523.31
|v 3
|
| 675 |
|
|
|a 523.9
|v 3
|
| 701 |
|
1 |
|a Будько
|b Н.
|
| 701 |
|
1 |
|a Зайцев
|b А.
|
| 701 |
|
1 |
|a Карпачев
|b А.
|
| 701 |
|
1 |
|a Козлов
|b А.
|
| 701 |
|
1 |
|a Филиппов
|b Б.
|
| 702 |
|
1 |
|a Зайцев
|b А. Н.
|4 340
|
| 712 |
0 |
2 |
|a Российская академия наук
|2 stltpush
|3 (RuTPU)RU\TPU\col\51
|
| 712 |
0 |
2 |
|a Сибирский институт земного магнетизма, ионосферы и распространения радиоволн
|2 stltpush
|3 (RuTPU)RU\TPU\col\8421
|
| 801 |
|
1 |
|a RU
|b 63413507
|c 20070201
|g PSBO
|
| 801 |
|
2 |
|a RU
|b 63413507
|c 20221206
|g PSBO
|
| 942 |
|
|
|c MX
|